000 04616nam a22004817a 4500
005 20110127121240.0
010 _aENG-101964 B-456335-354
020 _a9780198069171
_c350.00
020 _a0198069170 B-456335-354
_c350.00
035 _aEN-85497
037 _bDBAD/PUB
037 _bRBC/Ven
082 _a891.439
245 _aThe Oxford India anthology of modern Urdu literature :
_bpoetry and prose miscellany /
_cedited by Mehr Afshan Farooqi
260 _aNew Delhi
_bOxford University Press
_c2010
270 _aYMCA Library Building, Jai Singh Road
_bNew Delhi
_e110001
300 _aLiii, 325p.
_c23cm (pbk)
500 _aIncludes bibliographical references.
700 _aFarooqi, Mehr Afshan
_925586
942 _2ddc
_cEN
_h891.439
_mOXF
999 _c50133
_d50133